00549nam a2200181 a 45000010010000000030011000100080041000210350026000620820016000881000023001042450039001272600052001666500011002189420012002299520091002419980020003329990015003520000-8630ELIB.Books110520 2002  a(ELIB.Books)0000-8776 a242.2 bPon aPongracz, Lynda E. aThe Wonder Devotional ( Book - I ) bU.S.A.: Child Evangelism Fellowship Inc. c2002 aEthics 2ddccBK 00102ddc4070aKBTSbKBTSd2011-05-20l0p10469r2022-01-22 00:00:00w2022-01-22yBK cbate2011-05-20 c8630d8630